| 000 | 00000nam 2200000zi 4500 |
| 001 | 9.949516 |
| 003 | CaOODSP |
| 005 | 20250408123702 |
| 006 | m o d f |
| 007 | cr mn||||||||| |
| 008 | 250325e195910##bccbd ob f000 0 eng d |
| 040 | |aCaOODSP|beng|erda|cCaOODSP |
| 043 | |apn----- |
| 086 | 1 |aFs52-2/688E-PDF |
| 100 | 1 |aBilton, T. H., |eauthor. |
| 245 | 10|aScale characteristics of chum salmon (oncorhynchus keta) from the North Pacific area in 1957 / |cauthorship, T.H. Bilton and M.P. Shepard. |
| 264 | 1|aNanaimo, B.C. : |bFisheries Research Board of Canada, Biological Station, |cOctober, 1959. |
| 300 | |a1 online resource (8 pages, 4 unnumbered pages) : |bmaps, graphs. |
| 336 | |atext|btxt|2rdacontent |
| 337 | |acomputer|bc|2rdamedia |
| 338 | |aonline resource|bcr|2rdacarrier |
| 490 | 1 |aManuscript report series (biological) ; |vno. 688 |
| 500 | |aCover title. |
| 500 | |aDigitized edition from print [produced by Department of Fisheries and Oceans]. |
| 504 | |aIncludes bibliographical references (page 3). |
| 520 | |a"In the present report, data on scale characters of chum salmon taken in various coastal fishing areas and from different spawning areas throughout the North Pacific in 1957 are summarized"--Introduction, page [1]. |
| 650 | 0|aChum salmon|zNorth Pacific Region. |
| 650 | 6|aSaumon keta|zPacifique Nord, Région du. |
| 710 | 2 |aFisheries Research Board of Canada. |bBiological Station (Nanaimo, B.C.), |eissuing body. |
| 830 | #0|aManuscript report series (biological)|vno. 688.|w(CaOODSP)9.812823 |
| 856 | 40|qPDF|s2.35 MB|uhttps://publications.gc.ca/collections/collection_2025/mpo-dfo/fs52-2/Fs52-2-688-eng.pdf |